|
|
|
|
| LEADER |
00000cam a2200000 7i4500 |
| 001 |
0000007550 |
| 002 |
000008111 |
| 005 |
20000330.0 |
| 020 |
|
|
|a 9830294986
|
| 090 |
0 |
0 |
|a 499.28
|b ASR
|
| 100 |
0 |
|
|a Asraf
|
| 245 |
1 |
0 |
|a Bahasa Malaysia
|c Asraf, Ramlah Razali, Sallina Salbiah Ujang dan Supian Md. Nor
|
| 260 |
|
|
|a Petaling Jaya :
|b Sasbadi Sdn. Bhd. ,
|c 1996
|
| 300 |
|
|
|a 312p. ;
|c 21cm.
|
| 650 |
0 |
0 |
|a Malay language
|x SPM
|
| 999 |
|
|
|a 052015
|b BUKU
|c RUJUKAN
|e PERPUSTAKAAN KOMUNITI PETALING JAYA
|
| 999 |
|
|
|a 052016
|b BUKU
|c PINJAMAN
|e PERPUSTAKAAN KOMUNITI PETALING JAYA
|
| 999 |
|
|
|a 052017
|b BUKU
|c PINJAMAN
|e PERPUSTAKAAN KOMUNITI PETALING JAYA
|
| 999 |
|
|
|a 054881
|b BUKU
|c PINJAMAN
|e PERPUSTAKAAN KOMUNITI PETALING JAYA
|
| 999 |
|
|
|a 054882
|b BUKU
|c PINJAMAN
|e PERPUSTAKAAN KOMUNITI PETALING JAYA
|